Malé a stredné podnikanie

Guardado en:
Detalles Bibliográficos
Autor principal: Pachingerová, Mária
Formato: Capítulo de libro
Lenguaje:eslovaco
Etiquetas: Agregar Etiqueta
Sin Etiquetas, Sea el primero en etiquetar este registro!

MARC

LEADER 00000naa$a2200000$$$4500
001 0066913
005 20240502083159.4
041 0 |a slo 
044 |a CZ 
245 1 0 |a Malé a stredné podnikanie  |c Mária Pachingerová 
100 1 |a Pachingerová, Mária